The Joy Luck Club
Produced by Academy Award(R)-winning filmmaker Oliver Stone (Best Picture -- PLATOON) and based on the powerful #1 best-selling book, THE JOY LUCK CLUB tells the uplifting story of four remarkable friends whose extraordinary lives are filled with joy and heartbreak. Their lifelong friendship reveals...
Zapisane w:
| Format: | Książka |
|---|---|
| Język: | Undetermined |
| Wydane: |
United States
Buena Vista Pictures Distribution
1993
|
| Hasła przedmiotowe: | |
| Etykiety: |
Dodaj etykietę
Nie ma etykietki, Dołącz pierwszą etykiete!
|
| Thư viện lưu trữ: | Trung tâm Học liệu Trường Đại học Cần Thơ |
|---|
| LEADER | 01344nam a2200193Ia 4500 | ||
|---|---|---|---|
| 001 | CTU_226178 | ||
| 008 | 210402s9999 xx 000 0 und d | ||
| 082 | |a 813.54 | ||
| 082 | |b J88 | ||
| 245 | 4 | |a The Joy Luck Club | |
| 245 | 0 | |c Hollywood Pictures, Joy Luck Company, Ixtlan ; Directed by Wayne Wang ; Produced by Amy Tan ... [et al.] ; Screenplay by Amy Tan & Ronald Bass | |
| 260 | |a United States | ||
| 260 | |b Buena Vista Pictures Distribution | ||
| 260 | |c 1993 | ||
| 520 | |a Produced by Academy Award(R)-winning filmmaker Oliver Stone (Best Picture -- PLATOON) and based on the powerful #1 best-selling book, THE JOY LUCK CLUB tells the uplifting story of four remarkable friends whose extraordinary lives are filled with joy and heartbreak. Their lifelong friendship reveals a mosaic of the startling events and conditions that have shaped their lives -- and how these experiences have affected the hopes and dreams they hold for each of their children. Hailed as one of the must-see films of the year, this exceptional motion picture is sure to entertain and inspire you from beginning to end! | ||
| 650 | |a Phụ nữ người Mỹ gốc Hoa,Chinese American women,Mothers and daughters,Mẹ và con gái | ||
| 650 | |z United States,Hoa Kỳ | ||
| 910 | |b dqhieu | ||
| 980 | |a Trung tâm Học liệu Trường Đại học Cần Thơ | ||